Trobada dels clubs de lectura de la Xarxa de Biblioteques Municipals : Lluís Homar i Eduard Fernández : Adreça desconeguda Lluís Homar i Eduard Fernández :
Publicado:
Barcelona :
Diputació de Barcelona. Xarxa de Biblioteques Municipals. Gerència de Serveis de Biblioteques ,
2013
Descripción Física:
1 díptic : il. ; 21 cm
MARC
| LEADER | 00000nam a2200000Ia 4500 | ||
|---|---|---|---|
| 001 | 24040 | ||
| 003 | BGR | ||
| 005 | 20260324180626.0 | ||
| 008 | 160829s2013 xx 000 0 cat d | ||
| 080 | |a FU-64-11 | ||
| 245 | |a Trobada dels clubs de lectura de la Xarxa de Biblioteques Municipals : |b Lluís Homar i Eduard Fernández : |b Adreça desconeguda | ||
| 260 | |a Barcelona : |b Diputació de Barcelona. Xarxa de Biblioteques Municipals. Gerència de Serveis de Biblioteques, |c 2013 | ||
| 300 | |a 1 díptic : |b il. ; |c 21 cm | ||
| 590 | |a Programa de l’acte celebrat el 26 i el 27 de novembre del 2013 al Teatre-Auditori de Sant Cugat del Vallès. | ||
| 650 | |a Clubs de lectura |9 50483 | ||
| 650 | |a Teatre |x Programes |9 47620 | ||
| 710 | 1 | |a Barcelona (Catalunya : Província). |b Gerència de Serveis de Biblioteques |9 52661 | |
| 710 | 2 | |a Focus S.A. |9 70888 | |
| 901 | |a Arxiu | ||
| 942 | |n 1 |2 udc |c MON | ||
| 952 | |0 0 |1 0 |4 0 |6 FU6411 |7 1 |9 56061 |a Arxiu |b Arxiu |d 2016-12-01 |l 0 |o FU-64-11 |p 24040 |r 2016-12-01 00:00:00 |w 2016-12-01 |y ARXIU | ||
| 999 | |c 59935 |d 59935 | ||